Relocated North American Sports Teams - Statistics

General Stats
  • This quiz has been taken 169 times
  • The average score is 33 of 57
Answer Stats
Current Team Years Former Location % Correct
Las Vegas Raiders 1960-1981/1995-2019 Oakland
92%
Los Angeles Rams 1995-2015 St. Louis
92%
Las Vegas Raiders 1982-1994 Los Angeles
89%
Los Angeles Chargers 1961-2016 San Diego
89%
Tennessee Titans 1960-1996 Houston (Oilers)
87%
Oklahoma City Thunder 1967-2008 Seattle (SuperSonics)
87%
Los Angeles Dodgers 1884-1957 Brooklyn
86%
Indianapolis Colts 1953-1984 Baltimore
84%
Los Angeles Lakers 1947-1960 Minneapolis
84%
Memphis Grizzlies 1995-2001 Vancouver
84%
San Francisco Giants 1883-1957 New York
83%
Baltimore Ravens 1970-1995 Cleveland (Browns)
82%
Washington Nationals 1969-2004 Montreal (Expos)
82%
Arizona Cardinals 1960-1987 St. Louis
78%
Utah Jazz 1974-1979 New Orleans
76%
New Orleans Pelicans 1988-2002 Charlotte (Hornets)
73%
Oakland Athletics 1901-1954 Philadelphia
72%
Atlanta Braves 1871-1952 Boston
71%
Atlanta Braves 1953-1965 Milwaukee
71%
Winnipeg Jets 1999-2011 Atlanta (Thrashers)
69%
Carolina Hurricanes 1979-1997 Hartford (Whalers)
69%
Dallas Stars 1967-1993 Minnesota (North Stars)
66%
Golden State Warriors 1946-1962 Philadelphia
65%
Colorado Avalanche 1979-1995 Quebec (Nordiques)
64%
Los Angeles Clippers 1978-1984 San Diego
63%
Calgary Flames 1972-1980 Atlanta
60%
Washington Wizards 1963-1973 Baltimore (Bullets)
60%
Oakland Athletics 1955-1967 Kansas City
60%
Arizona Cardinals 1920-1959 Chicago
59%
Minnesota Twins 1901-1960 Washington, D.C. (Senators)
59%
Texas Rangers 1961-1971 Washington, D.C. (Senators)
56%
Arizona Coyotes 1979-1996 Winnipeg (Jets)
56%
Sacramento Kings 1972-1985 Kansas City/Omaha
55%
Milwaukee Brewers 1969 Seattle (Pilots)
53%
New Orleans Pelicans 2005-2007 Oklahoma City (Hornets)
50%
Atlanta Hawks 1955-1968 St. Louis
50%
Kansas City Chiefs 1960-1962 Dallas (Texans)
49%
Los Angeles Clippers 1970-1978 Buffalo (Braves)
47%
Detroit Pistons 1941-1957 Fort Wayne
46%
Los Angeles Rams 1936-1942/1944-1945 Cleveland
45%
Sacramento Kings 1923-1957 Rochester (Royals)
45%
Baltimore Orioles 1902-1953 St. Louis (Browns)
43%
Sacramento Kings 1957-1972 Cincinnati (Royals)
41%
Washington Redskins 1932-1937 Boston
40%
Houston Rockets 1967-1971 San Diego
40%
Philadephia 76ers 1946-1963 Syracuse (Nationals)
40%
New York Yankees 1901-1902 Baltimore (Orioles)
39%
New Jersey Devils 1976-1982 Colorado (Rockies)
37%
Chicago Bears 1920-1921 Decatur (Staleys)
36%
Dallas Stars 1976-1978 Cleveland (Barons)
33%
New Jersey Devils 1974-1976 Kansas City (Scouts)
31%
Dallas Stars 1967-1976 California (Golden Seals)
27%
Baltimore Orioles 1901 Milwaukee (Brewers)
27%
Detroit Lions 1928-1934 Portsmouth (Spartans)
27%
Atlanta Hawks 1951-1955 Milwaukee
25%
Washington Wizards 1961-1963 Chicago (Zephyrs)
22%
Atlanta Hawks 1946-1951 Tri-Cities (Blackhawks)
21%
No matching quizzes found
Score Distribution
Percent of People with Each Score
Percentile by Number Answered
Your Score History
You have not taken this quiz